000 00717nam a2200265Ia 4500
001 Para_2522
003 CHAP
008 220125s[198 xx 000 0 und d
010 _a201037
040 _cCHAP
090 _aPA FOLLETO 3008
110 _aCiba-Geigy. Agricultural División
_923031
245 _aMaíz :
_b monografía técnica /
_c por Ciba Geigy. Agricultural División
260 _aBasilea. Suiza :
_b Ciba Geigy
300 _a19 p
500 _aResúmen en Español
650 _aMaíz
_970848
901 _aPA FOLLETO 3008
902 _aA
905 _a000000[198?] BAS 0000000000 00
910 _a[198
942 _cPARA
942 _cPARA
_d1
999 _c201037
_d201037